| 000 | 00847cab a2200253 4500 | ||
|---|---|---|---|
| 001 | ABS58711 | ||
| 008 | 090401t1998 xxu||||| |||| 00| 0 eng d | ||
| 035 | _a(Sirsi) u86269 | ||
| 041 | _aeng | ||
| 100 | _aDyer, M. | ||
| 245 | _aDutch get down to earth | ||
| 260 | _c1998 | ||
| 350 | _a0 | ||
| 490 |
_aEstates Gazette _v(9817) 25 April 1998, 138-140(3) |
||
| 520 | _aDetails a Dutch method of treating contaminated land, which takes a natural in-situ approach as a more approachable form than landfill. The NORBIS programme uses natural biochemical processes to clean up polluted soil. | ||
| 650 | _aCLEAN UP METHODS | ||
| 650 | _aCONTAMINATED LAND | ||
| 650 | _aNORBIS | ||
| 650 | _aSOIL POLLUTION | ||
| 650 | _aSUSTAINABLE WASTE MANAGEMENT | ||
| 690 | _aENVIRONMENTAL AND LAND CONSULTANCY | ||
| 942 | _n0 | ||
| 948 | _c19/05/1998 | ||
| 999 |
_c54271 _d54271 |
||